| 000 | 00498nam a2200181Ia 4500 | ||
|---|---|---|---|
| 008 | 191130s1937##################000#0#eng## | ||
| 020 | _a406850089 | ||
| 040 |
_aACL _cACL |
||
| 082 | _a348.4204 WIL | ||
| 245 |
_aThe all England law reports 1937 _cedited by W. J. Williams |
||
| 260 |
_aLondon _bButterworth & Co _c1937 |
||
| 300 | _a718 p.; 23 cm. | ||
| 650 | _aLaw- Reports | ||
| 700 | _aWilliams, W. J | ||
| 990 | _a12c3d6c7ac10000c233ce1af1c194dce | ||
| 991 | _a395969 | ||
| 999 |
_c300691 _d300691 |
||